000 01152nam a2200241Ia 4500
999 _c39920
_d39920
001 6525
003 GE_BSU
005 20191021120449.0
008 181216s1991||||ge |||||||||||||| ||ge ||
020 _a5525003805.
040 _cGE_BSU
041 _ageo
080 _a82-93 ბ-84
100 _aბონდარელი, ბონდო
_94883
245 _aქოჩორა ჩიორა და გაწბილებული მელა :
_bლექსები უმცრ. ასკ. ასაკის ბავშვებისათვის /
_cბონდო ბონდარელი ; რედ. ა. აბულაშვილი ; მხატვ. თ. ფხაკაძე.
264 _aთბილისი :
_bნაკადული ;
_c1991.
300 _a37 გვ. ;
_c20 სმ.
653 _aქოჩორა ჩიორა და გაწბილებული მელა
653 _aლექსები
700 _aაბულაშვილი. ა.
_eრედაქტორი
_94884
700 _aფხაკაძე, თ.
_eმხატვარი
_94885
942 _cBK
_2udc